00388nam a2200121Ia 4500003000400000005001700004008004100021040001800062041000800080100004600088245009300134260003900227OSt20260123160913.0211028s2017 xx 000 0 und d cAIMIT LIBRARY aeng aNazim MK, Akheel;Wright, Rowena.g1516005 aStudy on customer satisfaction of toyota innova with special reference to Amana toyota / aMangalorebDr Rowena Wright.c2017